000 00535nam a22001817a 4500
005 20230403160852.0
008 230401b |||||||| |||| 00| 0 eng d
020 _a978-142008647-8
041 _aeng
082 _a615.19
100 _aPHARMACEUTICAL DOSAG FORMS : PARENTERAL MEDICATION VOL-
_97744
245 _aPHARMACEUTICAL DOSAG FORMS : PARENTERAL MEDICATION VOL-3 REGULATION ,VALIDATION AND THE FUTURE
250 _a3rd ed.
260 _bINFORMA
300 _a304;P.
650 _aPHARMACY
_xB. PHARMA
_97745
942 _cBK
999 _c8283
_d8281